000
00340 a2200157 4500
001
70300
020
_a
9788579056215
040
_c
Anchieta - Itaigara
100
_a
Colla, Mayli
240
1
0
_a
O gato e o canĂ¡rio
_l
por
245
1
0
_a
O gato e o canĂ¡rio
300
_a
16
362
0
_a
2011
650
4
_a
Literatura infantil
942
_c
BK
999
_c
70300
_d
70300